| 000 | 00355nam a2200145Ia 4500 | ||
|---|---|---|---|
| 008 | 230917s9999||||xx |||||||||||||| ||und|| | ||
| 040 |
_e133816 _aMAIN |
||
| 041 | _aEnglish | ||
| 082 | _a519.5 G643F | ||
| 100 | _aGoon, A M | ||
| 245 | 0 | _aFundamentals of statistics, v2 | |
| 260 |
_aCalcutta _bThe World Press _c1931 |
||
| 300 | _a430p p. | ||
| 942 | _cBK | ||
| 999 |
_c217201 _d217201 |
||